El faraón del desierto / (Record no. 190432)

MARC details
000 -LEADER
campo de control de longitud fija 00794nam a2200229 4500
001 - NÚMERO DE CONTROL
campo de control 190432
003 - IDENTIFICADOR DE NÚMERO DE CONTROL
campo de control ES-MaACL
005 - FECHA Y HORA DE LA ÚLTIMA TRANSACCIÓN
campo de control 20240110151154.0
008 - DATOS DE LONGITUD FIJA--INFORMACIÓN GENERAL
campo de control de longitud fija 210326s1999 sp 000 f spa
020 ## - NÚMERO INTERNACIONAL ESTÁNDAR DEL LIBRO
Número Internacional Estándar del Libro 84-923869-4-0
080 ## - NÚMERO DE LA CLASIFICACIÓN DECIMAL UNIVERSAL
Número de la Clasificación Decimal Universal 821.131.1-31"19"
100 1# - ENTRADA PRINCIPAL--NOMBRE DE PERSONA
Nombre de persona Manfredi, Valerio Massimo,
Fechas asociadas al nombre 1943-
9 (RLIN) 171114
245 13 - MENCIÓN DEL TÍTULO
Título El faraón del desierto /
Mención de responsabilidad, etc. Valerio Manfredi ; traducido del italiano por Celia Filipetto.
260 ## - PUBLICACIÓN, DISTRIBUCIÓN, ETC.
Lugar de publicación, distribución, etc. Madrid :
Nombre del editor, distribuidor, etc. Taller de Mario Muchnik,
Fecha de publicación, distribución, etc. [1999]
300 ## - DESCRIPCIÓN FÍSICA
Extensión 299 p. ;
Dimensiones 24 cm.
700 1# - ENTRADA AGREGADA--NOMBRE PERSONAL
Nombre de persona Filipetto, Celia.
9 (RLIN) 50839
852 4# - LOCALIZACIÓN
Ubicación ES-MaACL
Número de control de estantería A-14632
itemnumber 197609
Sublocalización o colección R.152184
Ubicación en estantería Depósito 1
Signatura antigua Olim: N-7632
Donativo/Legado Donación: José Lázaro
903 ## - NOMBRE PERSONAL DE DONANTE
9 234219
a Lázaro García, José
e Donante
942 ## - ELEMENTOS DE ENTRADA SECUNDARIOS (KOHA)
Fuente del sistema de clasificación o colocación Clasificación decimal universal
Tipo de ítem Koha Libro impreso
Holdings
Estatus retirado Estado de pérdida Fuente del sistema de clasificación o colocación Estado de daño No para préstamo Biblioteca de origen Biblioteca actual Ubicación en estantería Fecha de adquisición Fuente de adquisición Total de préstamos Signatura topográfica completa Código de barras Visto por última vez Precio de reemplazo Tipo de ítem Koha
    Clasificación decimal universal     Biblioteca del Ateneo de Madrid Biblioteca del Ateneo de Madrid Depósito 1 26/03/2021 Donación   A-14632 1202454 23/02/2023 23/02/2023 Libro impreso